000 00748nam a2200241 a 4500
001 63569
003 BD-RjUL
005 20211209081218.0
008 170133s1989 ja a 000 0 eng
035 _a(BD-RjUL)63698
040 _aDLC
_cDLC
_beng
_dBD-RjUL
041 _aeng
082 _223
_a294.3
_bWOR 1989
110 _aSoka Gakkai International
_9188954
245 1 0 _aWorks of Daisaku Ikeda /
260 _aJapan :
_bSaka Gakkai International,
_cc1989
300 _a94 p. :
_bill. ;
_c24 cm.
650 _a Sōka Gakkai -- Bibliography.
_9188955
650 _aBuddhism -- Bibliography. View all subjects
_9188956
653 0 _aBuddhism;
_abibliography.
710 2 _aSōka Gakkai.
_bKōhōshitsu.
_bKokusaikyoku.
_9188957
942 _2ddc
_cBK
999 _c63569
_d63569